| 000 | 00490nam a2200181Ia 4500 | ||
|---|---|---|---|
| 003 | IIN | ||
| 005 | 20240103161448.0 | ||
| 008 | 231217s9999 xx 000 0 und d | ||
| 020 |
_cRs.595.00 _a9789352500215 |
||
| 040 |
_aIIN _bEnglish |
||
| 082 |
_a610.73 _bNIS |
||
| 100 | 1 | _aNissanka, Rebecca | |
| 245 | 1 |
_aComprehensive Textbook of Foundation of Nursing _cRebecca Nissanka |
|
| 260 |
_bJaypee _aNew Delhi _c2016 |
||
| 300 | _axxvi, 374 p. | ||
| 650 | 1 |
_aFoundation _vNursing |
|
| 942 | _cBOOK | ||
| 999 |
_c231 _d231 |
||